[Event "Aeroflot Open 2012 B"]
[Site "Moscow"]
[Date "2012.02.14"]
[Round "8"]
[White "Inants, Aghasi"]
[Black "Kharmunova, Nadejda"]
[Result "0-1"]
[WhiteElo "2347"]
[BlackElo "2215"]
[PlyCount "70"]
[EventDate "2012.02.07"]
[EventType "swiss"]

1. e4 c6 2. d4 d5 3. e5 Bf5 4. Nf3 e6 5. Be2 c5 6. Be3 Nc6 7. O-O Nge7 8. c4
cxd4 9. Bxd4 dxc4 10. Na3 Nd5 11. Qa4 Be7 12. Nxc4 O-O 13. Rfd1 a6 14. Qb3 b5
15. Nd6 Na5 16. Qa3 Bc2 17. Rdc1 b4 18. Qxa5 Qxa5 19. Rxc2 Bxd6 20. exd6 Rac8
21. Rac1 Rxc2 22. Rxc2 Rd8 23. Rc6 Qxa2 24. h3 Nf4 25. Bc4 Qb1+ 26. Kh2 Qg6 27.
Bf1 Qe4 28. Rc4 Ne2 29. Bxe2 Qxe2 30. Ne5 f6 31. d7 fxe5 32. Rc8 Kf7 33. Rxd8
Ke7 34. Bb6 Qb5 35. Bc7 Qc5 0-1

[Event "Aeroflot Open 2012 B"]
[Site "Moscow"]
[Date "2012.02.14"]
[Round "8"]
[White "Palacios, Antonio"]
[Black "Yakimenko, Alexander A"]
[Result "0-1"]
[WhiteElo "2320"]
[BlackElo "2258"]
[PlyCount "48"]
[EventDate "2012.02.07"]
[EventType "swiss"]

1. c4 e6 2. Nf3 f5 3. Nc3 Nf6 4. g3 Be7 5. Bg2 O-O 6. O-O d5 7. d4 c6 8. Bg5
Nbd7 9. Qc2 Ne4 10. Bxe7 Qxe7 11. Rab1 Nd6 12. Nd2 dxc4 13. f4 Nb6 14. e4 fxe4
15. Ncxe4 Nf5 16. Nf3 Ne3 17. Qe2 Nxf1 18. Rxf1 Bd7 19. Ne5 Rad8 20. Ng5 Bc8
21. Qe4 g6 22. Kh1 Qg7 23. Bh3 Rde8 24. Rf3 h6 0-1

[Event "Aeroflot Open 2012 B"]
[Site "Moscow"]
[Date "2012.02.15"]
[Round "9"]
[White "Can, Emre"]
[Black "Wen, Yang"]
[Result "1/2-1/2"]
[WhiteElo "2462"]
[BlackElo "2543"]
[PlyCount "44"]
[EventDate "2012.02.07"]
[EventType "swiss"]

1. d4 Nf6 2. Nf3 g6 3. c4 Bg7 4. Nc3 O-O 5. e4 d6 6. h3 e5 7. dxe5 dxe5 8. Qxd8
Rxd8 9. Bg5 Nbd7 10. O-O-O Rf8 11. Nd5 c6 12. Ne7+ Kh8 13. Be3 Re8 14. Nxc8
Raxc8 15. c5 Bf8 16. b4 b6 17. Bc4 Kg7 18. g4 Nb8 19. Nd2 b5 20. Be2 a5 21. g5
Nfd7 22. a3 axb4 1/2-1/2

[Event "Aeroflot Open 2012 B"]
[Site "Moscow"]
[Date "2012.02.15"]
[Round "9"]
[White "Stukopin, Andrey"]
[Black "Shimanov, Aleksandr"]
[Result "1/2-1/2"]
[WhiteElo "2460"]
[BlackElo "2549"]
[PlyCount "66"]
[EventDate "2012.02.07"]
[EventType "swiss"]

1. c4 g6 2. Nc3 Bg7 3. g3 Nf6 4. Bg2 O-O 5. d4 c5 6. e3 d6 7. Nge2 Nc6 8. O-O
Bd7 9. h3 a6 10. b3 Rb8 11. dxc5 dxc5 12. Bb2 Qc8 13. Kh2 Rd8 14. Qc1 Nb4 15.
Nf4 Bc6 16. e4 Bh6 17. Qe3 Nd3 18. Ncd5 Bxd5 19. Bxf6 Bxc4 20. Bxe7 Nxf4 21.
bxc4 Rd3 22. Qxc5 Nxg2 23. Qxc8+ Rxc8 24. Kxg2 Rxc4 25. Rfd1 Rcd4 26. Rxd3 Rxd3
27. Rb1 Rd7 28. Bf6 Kf8 29. f4 Ke8 30. Rc1 Rd2+ 31. Kf3 Kd7 32. Be5 Ke6 33. Rc7
Rxa2 1/2-1/2

[Event "Aeroflot Open 2012 B"]
[Site "Moscow"]
[Date "2012.02.15"]
[Round "9"]
[White "Reshetnikov, Alexey"]
[Black "Dobrov, Vladimir"]
[Result "1/2-1/2"]
[WhiteElo "2514"]
[BlackElo "2496"]
[PlyCount "85"]
[EventDate "2012.02.07"]
[EventType "swiss"]

1. c4 g6 2. Nc3 Bg7 3. Nf3 c5 4. g3 Nc6 5. Bg2 Nh6 6. O-O Nf5 7. d3 O-O 8. a3
b6 9. Bd2 Bb7 10. e3 e6 11. Ne1 d6 12. Rb1 Qd7 13. b4 Rad8 14. Qa4 Ba8 15. Nb5
cxb4 16. axb4 d5 17. cxd5 exd5 18. Na3 Rfe8 19. Nf3 Nd6 20. b5 Ne5 21. Nxe5
Bxe5 22. Qb3 h5 23. Rfc1 h4 24. Bxd5 Bxd5 25. Qxd5 Qg4 26. Qg2 Qe2 27. Bb4 hxg3
28. hxg3 Qxd3 29. Rd1 Qe2 30. Rd2 Qg4 31. Bxd6 Rxd6 32. Rxd6 Bxd6 33. Nc2 Bc5
34. Qd5 Kg7 35. Nd4 Bxd4 36. Qxd4+ Qxd4 37. exd4 Re4 38. Rb4 Kf6 39. Kg2 g5 40.
Ra4 g4 41. Rxa7 Rxd4 42. Rb7 Rd6 43. f3 1/2-1/2

[Event "Aeroflot Open 2012 B"]
[Site "Moscow"]
[Date "2012.02.15"]
[Round "9"]
[White "Obolenskikh, Dmitry"]
[Black "Oparin, Grigoriy"]
[Result "1/2-1/2"]
[WhiteElo "2510"]
[BlackElo "2466"]
[PlyCount "67"]
[EventDate "2012.02.07"]
[EventType "swiss"]

1. d4 d5 2. c4 e6 3. Nc3 Be7 4. Nf3 Nf6 5. Bg5 h6 6. Bh4 O-O 7. cxd5 Nxd5 8.
Bxe7 Nxe7 9. e3 b6 10. Rc1 Bb7 11. Bd3 Nd7 12. Be4 Qb8 13. b4 c6 14. O-O a5 15.
a3 axb4 16. axb4 Nf6 17. Bb1 Rc8 18. Na4 Qa7 19. Bc2 Ba6 20. Re1 Ned5 21. Qd2
Bb5 22. Ra1 Qe7 23. Reb1 Ra7 24. Nc3 Rxa1 25. Rxa1 Nxc3 26. Qxc3 Nd5 27. Qa3
Qxb4 28. Qa7 c5 29. Be4 Nc3 30. Bb7 Rf8 31. Qxb6 Ne2+ 32. Kh1 cxd4 33. Nxd4
Nxd4 34. Qxd4 1/2-1/2

[Event "Aeroflot Open 2012 B"]
[Site "Moscow"]
[Date "2012.02.15"]
[Round "9"]
[White "Bogdanovich, Stanislav"]
[Black "Potapov, Pavel"]
[Result "1-0"]
[WhiteElo "2513"]
[BlackElo "2468"]
[PlyCount "97"]
[EventDate "2012.02.07"]
[EventType "swiss"]

1. d4 d5 2. c4 c6 3. Nf3 Nf6 4. e3 e6 5. Bd3 Nbd7 6. O-O Bd6 7. Nbd2 O-O 8. e4
e5 9. exd5 cxd5 10. c5 Bc7 11. Nxe5 Nxe5 12. dxe5 Bxe5 13. Nf3 Bg4 14. h3 Bxf3
15. Qxf3 h6 16. Be3 Qa5 17. b4 Qxb4 18. Rab1 Qa5 19. Rxb7 d4 20. Bxh6 gxh6 21.
Qf5 Qxc5 22. f4 Qc8 23. fxe5 Qxf5 24. Rxf5 Nd5 25. Rd7 Ne3 26. Rf3 Rae8 27.
Rg3+ Kh8 28. Rd6 Re6 29. Rxe6 fxe6 30. Rg6 Re8 31. Rxh6+ Kg8 32. h4 Nd5 33.
Rg6+ Kh8 34. Rg4 Rg8 35. Rxd4 Ne3 36. Be4 Rg4 37. Kf2 Nd5 38. g3 Nc3 39. Kf3
Rxg3+ 40. Kxg3 Ne2+ 41. Kg4 Nxd4 42. Kg5 Kg7 43. h5 a5 44. h6+ Kh8 45. Kf6 a4
46. Bd3 a3 47. Bc4 Kh7 48. Bxe6 Kxh6 49. Bc4 1-0

[Event "Aeroflot Open 2012 B"]
[Site "Moscow"]
[Date "2012.02.15"]
[Round "9"]
[White "Gavrilov, Alexei"]
[Black "Badmatsyrenov, Oleg"]
[Result "1/2-1/2"]
[WhiteElo "2498"]
[BlackElo "2445"]
[PlyCount "136"]
[EventDate "2012.02.07"]
[EventType "swiss"]

1. d4 c5 2. d5 g6 3. e4 Bg7 4. Nc3 d6 5. Nf3 Nf6 6. Bb5+ Nbd7 7. a4 O-O 8. O-O
Ne8 9. Re1 Nc7 10. Bf1 Ne5 11. Nxe5 Bxe5 12. Bh6 Re8 13. Qd2 a6 14. a5 Rb8 15.
Bf4 Bxf4 16. Qxf4 f6 17. Qh6 Rf8 18. f4 b5 19. axb6 Rxb6 20. b3 Bd7 21. Re3 Rf7
22. e5 fxe5 23. fxe5 Qf8 24. Qxf8+ Rxf8 25. Bc4 Rf5 26. h3 Kg7 27. g4 Rf8 28.
Kg2 Bc8 29. Kg3 h6 30. h4 Rb4 31. exd6 exd6 32. Re7+ Rf7 33. Rae1 Bd7 34. Rxf7+
Kxf7 35. Ne4 Rb6 36. Rf1+ Kg7 37. Re1 Kf7 38. Rf1+ Kg7 39. Ra1 Be8 40. g5 hxg5
41. hxg5 Bf7 42. Nf6 Rb7 43. Rh1 Nb5 44. Rh7+ Kf8 45. Kf4 Nd4 46. Bxa6 Rb4 47.
c3 Ne2+ 48. Ke3 Nxc3 49. Bc4 Nb5 $11 50. Ne4 Nc7 51. Nxd6 Nxd5+ 52. Ke4 Bg8 53.
Ra7 Nb6 54. Ke5 Bxc4 55. bxc4 Nxc4+ 56. Nxc4 Rxc4 57. Kf6 Rf4+ 58. Kxg6 c4 59.
Rc7 Ke8 60. Kh7 Kd8 61. Rc5 Kd7 62. g6 Rh4+ 63. Kg8 Rg4 64. g7 Kd6 65. Rh5 c3
66. Rh7 c2 67. Rh1 Ke5 68. Rc1 Rh4 1/2-1/2

[Event "Aeroflot Open 2012 B"]
[Site "Moscow"]
[Date "2012.02.15"]
[Round "9"]
[White "Vaibhav, Suri"]
[Black "Grishchenko, Sergey"]
[Result "1/2-1/2"]
[WhiteElo "2448"]
[BlackElo "2489"]
[PlyCount "116"]
[EventDate "2012.02.07"]
[EventType "swiss"]

1. e4 c6 2. d4 d5 3. Nc3 dxe4 4. Nxe4 Nf6 5. Nxf6+ gxf6 6. c3 Bf5 7. Nf3 Nd7 8.
g3 Qa5 9. Bg2 Qa6 10. Bf1 Qa5 11. Nh4 Be4 12. f3 Bg6 13. Qe2 O-O-O 14. Bh3 Kb8
15. O-O e6 16. a4 Qd5 17. Bg2 Qb3 18. f4 Qc2 19. Qf3 f5 20. b4 Nf6 21. Rf2 Qb3
22. b5 Bh5 23. Qd3 e5 24. Rb2 Qd1+ 25. Qxd1 Bxd1 26. Be3 Ng4 27. Bf2 Nxf2 28.
Kxf2 Bh5 29. Bf3 Bg6 30. Rd1 exd4 31. cxd4 Bg7 32. Rbd2 Rd7 33. d5 Rhd8 34. Ke2
Rd6 35. Ng2 cxd5 36. Rxd5 Rxd5 37. Rxd5 Rxd5 38. Bxd5 Kc7 39. Nh4 b6 40. Kd3
Kd6 41. Kc4 Bb2 42. Nxg6 fxg6 43. Bg8 h6 44. Bh7 g5 45. fxg5 hxg5 46. Bxf5 Ke5
47. Bc8 Bc1 48. h4 gxh4 49. gxh4 Bd2 50. h5 Kf6 51. Bg4 Kg5 52. Bd1 Ba5 53. Kd5
Bb4 54. Kc6 Ba5 55. Kd5 Bb4 56. Kc6 Ba5 57. Kb7 Kh6 58. Kxa7 Kg5 1/2-1/2

[Event "Aeroflot Open 2012 B"]
[Site "Moscow"]
[Date "2012.02.15"]
[Round "9"]
[White "Lalith, Babu M.R"]
[Black "Hayrapetyan, Hovik"]
[Result "1/2-1/2"]
[WhiteElo "2484"]
[BlackElo "2406"]
[PlyCount "49"]
[EventDate "2012.02.07"]
[EventType "swiss"]

1. d4 d5 2. Nf3 Nf6 3. c4 dxc4 4. e3 e6 5. Bxc4 a6 6. a4 c5 7. O-O Nc6 8. Qe2
cxd4 9. Rd1 Be7 10. exd4 O-O 11. Nc3 Nd5 12. Bb3 Ncb4 13. Ne5 Bd7 14. Qg4 Nf6
15. Qg3 Bc6 16. Bh6 Ne8 17. Bf4 Nd5 18. a5 Nxf4 19. Qxf4 Nf6 20. Ba4 Bxa4 21.
Rxa4 Nd5 22. Qf3 Rc8 23. Rc4 Rxc4 24. Nxc4 Bb4 25. Nxd5 1/2-1/2

[Event "Aeroflot Open 2012 B"]
[Site "Moscow"]
[Date "2012.02.15"]
[Round "9"]
[White "Shyam, Nikil P"]
[Black "Gabuzyan, Hovhannes"]
[Result "1/2-1/2"]
[WhiteElo "2482"]
[BlackElo "2402"]
[PlyCount "102"]
[EventDate "2012.02.07"]
[EventType "swiss"]

1. e4 c5 2. Ne2 d6 3. g3 g6 4. Bg2 Bg7 5. c3 Nf6 6. d4 cxd4 7. cxd4 O-O 8. Nbc3
Nc6 9. d5 Na5 10. O-O Bd7 11. b3 b5 12. a3 Qb8 13. Bd2 Rc8 14. h3 Be8 15. Rb1
Nd7 16. Na2 Nb7 17. Bg5 h6 18. Be3 Nbc5 19. Nd4 Nf6 20. f3 a5 21. Qd2 Kh7 22.
g4 Qb7 23. h4 Bd7 24. g5 Nh5 25. Rfc1 e5 26. dxe6 Nxe6 27. Ne2 Bc6 28. gxh6 Be5
29. Nac3 b4 30. axb4 axb4 31. Nd5 Bxd5 32. exd5 Nf8 33. Rc6 Re8 34. Rbc1 Re7
35. Bd4 Bxd4+ 36. Nxd4 Ra5 37. f4 Qa7 38. Kh2 Ra2 39. R6c2 Rxc2 40. Rxc2 Nd7
41. Nc6 Qe3 42. Nxe7 Qxe7 43. Rc4 Qxh4+ 44. Kg1 Qg3 45. Rxb4 Ndf6 46. Qf2 Qc3
47. Rc4 Qxb3 48. Rc7 Qd1+ 49. Qf1 Qd4+ 50. Qf2 Qd1+ 51. Qf1 Qd4+ 1/2-1/2

[Event "Aeroflot Open 2012 B"]
[Site "Moscow"]
[Date "2012.02.15"]
[Round "9"]
[White "Tunik, Gennady"]
[Black "Nguyen, Van Huy"]
[Result "1/2-1/2"]
[WhiteElo "2406"]
[BlackElo "2473"]
[PlyCount "53"]
[EventDate "2012.02.07"]
[EventType "swiss"]

1. d4 Nf6 2. c4 e6 3. Nf3 d5 4. Nc3 Bb4 5. cxd5 exd5 6. Bg5 Nbd7 7. Qb3 c5 8.
a3 Qa5 9. Bd2 Bxc3 10. Bxc3 Qc7 11. dxc5 Nxc5 12. Qb4 a5 13. Qh4 Nce4 14. Bxf6
Nxf6 15. Qd4 O-O 16. e3 Bf5 17. Bd3 Be4 18. O-O Rac8 19. Rfd1 Bxf3 20. gxf3 Qc5
21. Bf5 Qxd4 22. Rxd4 Rc7 23. Rad1 g6 24. Bb1 Rfc8 25. Ba2 Rc2 26. R1d2 Rxd2
27. Rxd2 1/2-1/2

[Event "Aeroflot Open 2012 B"]
[Site "Moscow"]
[Date "2012.02.15"]
[Round "9"]
[White "Romanko, Marina"]
[Black "Arun Prasad, S."]
[Result "1-0"]
[WhiteElo "2389"]
[BlackElo "2530"]
[PlyCount "93"]
[EventDate "2012.02.07"]
[EventType "swiss"]

1. d4 Nf6 2. c4 e6 3. Nc3 Bb4 4. Qc2 O-O 5. a3 Bxc3+ 6. Qxc3 Qe8 7. Qc2 d6 8.
e4 Nc6 9. Ne2 e5 10. d5 Nd4 11. Nxd4 exd4 12. Bd3 Nxe4 13. O-O f5 14. Re1 Qf7
15. f3 Nc5 16. b4 Nxd3 17. Qxd3 a5 18. b5 Bd7 19. Qxd4 b6 20. Bb2 Rae8 21. Bc3
h6 22. Kf2 Bc8 23. h4 Bd7 24. Rxe8 Rxe8 25. Re1 Rxe1 26. Kxe1 Qe7+ 27. Kd2 Be8
28. Qe3 Qxe3+ 29. Kxe3 a4 30. Kf4 Bg6 31. Bd2 Kf8 32. Ke3 Kf7 33. Kd4 Kf6 34.
Kc3 f4 35. Bxf4 Bb1 36. c5 Ba2 37. cxb6 cxb6 38. Bxd6 Bxd5 39. Bc7 g5 40. hxg5+
hxg5 41. Bxb6 g4 42. fxg4 Bxg2 43. Be3 Bf3 44. g5+ Ke6 45. b6 Kd7 46. Kb4 Bd1
47. Ka5 1-0

[Event "Aeroflot Open 2012 B"]
[Site "Moscow"]
[Date "2012.02.15"]
[Round "9"]
[White "Mikhalevski, Victor"]
[Black "Matinian, Nikita"]
[Result "1-0"]
[WhiteElo "2525"]
[BlackElo "2438"]
[PlyCount "71"]
[EventDate "2012.02.07"]
[EventType "swiss"]

1. c4 Nf6 2. g3 c6 3. Nf3 d5 4. Bg2 dxc4 5. O-O Nbd7 6. Na3 Nb6 7. Qc2 Qd5 8.
b3 Bf5 9. Qb2 cxb3 10. axb3 Qd8 11. Nc4 g6 12. Na5 Bc8 13. Ne5 Bg7 14. Naxc6
bxc6 15. Bxc6+ Bd7 16. Nxd7 Nbxd7 17. Bxa8 Qxa8 18. Qd4 a6 19. Qc4 O-O 20. Rxa6
Qb8 21. Ba3 Ne5 22. Qc5 Ne4 23. Qe3 Qb5 24. Bxe7 Re8 25. Rfa1 Nxf2 26. R1a5
Nh3+ 27. Kg2 Qb7+ 28. Kxh3 Qxe7 29. Qe4 Qd7+ 30. Kg2 Nc6 31. Ra8 Nb8 32. R5a7
Qd8 33. Qc4 Qf6 34. Rb7 Qe5 35. Qxf7+ Kh8 36. Qxe8+ 1-0

[Event "Aeroflot Open 2012 B"]
[Site "Moscow"]
[Date "2012.02.15"]
[Round "9"]
[White "Mozharov, Mikhail"]
[Black "Kopylov, Alexander A"]
[Result "1-0"]
[WhiteElo "2478"]
[BlackElo "2440"]
[PlyCount "97"]
[EventDate "2012.02.07"]
[EventType "swiss"]

1. d4 Nf6 2. c4 e6 3. Nc3 Bb4 4. e3 O-O 5. Nge2 d5 6. a3 Bxc3+ 7. Nxc3 b6 8.
cxd5 exd5 9. Be2 c5 10. O-O Bb7 11. dxc5 bxc5 12. b4 Nbd7 13. bxc5 Nxc5 14. Nb5
Qb6 15. Bd2 Nfe4 16. Rb1 Qg6 17. Nd4 a5 18. Rb5 Bc6 19. Rxa5 Ba4 20. Qe1 Nb3
21. Nxb3 Bxb3 22. Bb4 Rxa5 23. Bxf8 Ra8 24. Bb4 Rc8 25. Qb1 Nc3 26. Bxc3 Rxc3
27. Qxg6 hxg6 28. Ra1 Ba4 29. Kf1 Kf8 30. Ke1 Ke7 31. Bd1 Rc4 32. Bxa4 Rxa4 33.
Kd2 Kd6 34. Kc3 Rh4 35. h3 Kc5 36. f4 g5 37. fxg5 Rh5 38. a4 Kb6 39. Rf1 Rxg5
40. g4 Re5 41. Rxf7 Rxe3+ 42. Kd4 Rxh3 43. Rxg7 Kc6 44. Rg6+ Kd7 45. a5 Ke7 46.
a6 Kf7 47. Rb6 Rg3 48. Kxd5 Rxg4 49. Kc6 1-0

[Event "Aeroflot Open 2012 B"]
[Site "Moscow"]
[Date "2012.02.15"]
[Round "9"]
[White "Antipov, Mikhail Al"]
[Black "Rogozenco, Dorian"]
[Result "0-1"]
[WhiteElo "2436"]
[BlackElo "2539"]
[PlyCount "74"]
[EventDate "2012.02.07"]
[EventType "swiss"]

1. e4 d6 2. d4 Nf6 3. f3 e5 4. d5 Be7 5. Be3 Nh5 6. Ne2 g6 7. Qd2 f5 8. Bh6
fxe4 9. fxe4 Nf6 10. Nec3 Ng4 11. Bb5+ Kf7 12. O-O+ Kg8 13. h4 a6 14. Be2 Nxh6
15. Qxh6 Bxh4 16. Qe3 Qe7 17. Nd2 Bg5 18. Qd3 Nd7 19. b4 Nf6 20. Nf3 Bh6 21.
Nh2 Kg7 22. Rf2 Bd7 23. Raf1 Raf8 24. a4 Bf4 25. g3 Bg5 26. a5 h5 27. Nd1 h4
28. gxh4 Rxh4 29. Rg2 Bf4 30. Nf3 Rh6 31. Nf2 Rfh8 32. Re1 Qd8 33. Kf1 Rh3 34.
Bd1 Nh5 35. Nxh3 Bxh3 36. Kf2 Bxg2 37. Kxg2 Bg3 0-1

[Event "Aeroflot Open 2012 B"]
[Site "Moscow"]
[Date "2012.02.15"]
[Round "9"]
[White "Arslanov, Shamil"]
[Black "Iljushin, Alexei"]
[Result "1/2-1/2"]
[WhiteElo "2424"]
[BlackElo "2523"]
[PlyCount "44"]
[EventDate "2012.02.07"]
[EventType "swiss"]

1. e4 e5 2. Nf3 Nc6 3. Bb5 a6 4. Bxc6 dxc6 5. O-O Qf6 6. d3 Bg4 7. Be3 Bxf3 8.
Qxf3 Qxf3 9. gxf3 f5 10. exf5 Ne7 11. Nd2 Nxf5 12. Rfe1 Kd7 13. Kf1 Bd6 14. c3
Rhf8 15. Ke2 h6 16. Rg1 g5 17. Rg4 c5 18. Rag1 Kc6 19. Ra4 Kd5 20. Ne4 Rf7 21.
Nd2 Raf8 22. Rgg4 b6 {...} 1/2-1/2

[Event "Aeroflot Open 2012 B"]
[Site "Moscow"]
[Date "2012.02.15"]
[Round "9"]
[White "Deepan Chakkravarthy J."]
[Black "Firat, Burak"]
[Result "1/2-1/2"]
[WhiteElo "2495"]
[BlackElo "2396"]
[PlyCount "31"]
[EventDate "2012.02.07"]
[EventType "swiss"]

1. d4 Nf6 2. Nf3 g6 3. Nbd2 d5 4. e3 Bg7 5. b4 O-O 6. Bb2 Nbd7 7. c4 a5 8. b5
c5 9. a4 b6 10. Be2 Bb7 11. O-O Rc8 12. Rc1 Re8 13. Ne5 e6 14. f4 Nxe5 15. dxe5
Ne4 16. Nxe4 1/2-1/2

[Event "Aeroflot Open 2012 B"]
[Site "Moscow"]
[Date "2012.02.15"]
[Round "9"]
[White "Baghdasaryan, Vahe"]
[Black "Atalik, Ekaterina"]
[Result "0-1"]
[WhiteElo "2393"]
[BlackElo "2481"]
[PlyCount "54"]
[EventDate "2012.02.07"]
[EventType "swiss"]

1. e4 e5 2. Nf3 Nc6 3. Bb5 Nf6 4. O-O Nxe4 5. d4 Nd6 6. dxe5 Nxb5 7. a4 Nbd4 8.
Nxd4 d5 9. Nxc6 bxc6 10. Qd3 Qd7 11. Nd2 Be7 12. Nb3 c5 13. Qg3 O-O 14. f4 Qf5
15. Qf3 Be6 16. Na5 Rfe8 17. Nc6 Bf8 18. c4 dxc4 19. Ra3 a5 20. Bd2 Ra6 21.
Nxa5 Rd8 22. Be1 c3 23. Bxc3 c4 24. Raa1 Rd3 25. Qb7 Bd5 26. Qxc7 Qe4 27. Rf2
Rg6 0-1

[Event "Aeroflot Open 2012 B"]
[Site "Moscow"]
[Date "2012.02.15"]
[Round "9"]
[White "Ismagambetov, Anuar"]
[Black "Illner, Achim"]
[Result "1-0"]
[WhiteElo "2476"]
[BlackElo "2375"]
[PlyCount "85"]
[EventDate "2012.02.07"]
[EventType "swiss"]

1. d4 e6 2. c4 d5 3. Nf3 Nf6 4. g3 dxc4 5. Bg2 Bd7 6. Ne5 Bc6 7. Nxc6 Nxc6 8.
e3 Qd7 9. Qe2 Nd5 10. Qxc4 O-O-O 11. Nc3 h5 12. Bd2 f5 13. O-O-O Bb4 14. Kb1 h4
15. Bf3 Kb8 16. g4 Rhf8 17. Rhf1 f4 18. Qe2 g5 19. Ne4 Bxd2 20. Rxd2 Qe7 21.
Nc5 fxe3 22. fxe3 a6 23. Rc1 Na7 24. Bg2 c6 25. Qd3 Ka8 26. Qb3 Rb8 27. e4 Nf4
28. Bf1 Rbd8 29. Rdd1 Rfe8 30. Qb4 Qc7 31. a3 Nc8 32. Bxa6 bxa6 33. Nxa6 Qa7
34. Rxc6 Rd7 35. Rdc1 Qb7 36. Qa5 Na7 37. Nc7+ Kb8 38. Na6+ Ka8 39. Nc7+ Kb8
40. Rb6 Rxc7 41. Rxc7 Kxc7 42. Rxb7+ Kxb7 43. Qxg5 1-0

[Event "Aeroflot Open 2012 B"]
[Site "Moscow"]
[Date "2012.02.15"]
[Round "9"]
[White "Sundararajan, Kidambi"]
[Black "Debashis, Das"]
[Result "1/2-1/2"]
[WhiteElo "2474"]
[BlackElo "2389"]
[PlyCount "56"]
[EventDate "2012.02.07"]
[EventType "swiss"]

1. Nf3 c5 2. g3 Nc6 3. Bg2 g6 4. c3 Bg7 5. d4 cxd4 6. cxd4 e6 7. Nc3 Nge7 8.
O-O d5 9. b3 O-O 10. e3 b6 11. Ba3 Ba6 12. Re1 Rc8 13. Rc1 Re8 14. e4 Qd7 15.
e5 h6 16. Qd2 Nf5 17. g4 Nfxd4 18. Nxd4 Nxe5 19. h3 Nd3 20. Bf1 Nxe1 21. Bxa6
Bxd4 22. Bxc8 Qc7 23. Nb5 Qg3+ 24. Kf1 Qg2+ 25. Kxe1 Qg1+ 26. Ke2 Qxf2+ 27. Kd1
Qf1+ 28. Qe1 Qd3+ 1/2-1/2

[Event "Aeroflot Open 2012 B"]
[Site "Moscow"]
[Date "2012.02.15"]
[Round "9"]
[White "Sivuk, Vitaly"]
[Black "Ghosh, Diptayan"]
[Result "1/2-1/2"]
[WhiteElo "2459"]
[BlackElo "2372"]
[PlyCount "154"]
[EventDate "2012.02.07"]
[EventType "swiss"]

1. e4 e5 2. Nf3 Nc6 3. Bb5 a6 4. Ba4 Nge7 5. Nc3 d6 6. O-O b5 7. Bb3 Na5 8. d3
Nxb3 9. axb3 Bd7 10. Be3 c5 11. h3 Nc6 12. Nh2 Be7 13. f4 exf4 14. Bxf4 O-O 15.
Ng4 Be6 16. Kh1 Bg5 17. Ne3 Bxf4 18. Rxf4 Qg5 19. Qf3 Qe5 20. Rf1 Nd4 21. Qf2
Ra7 22. Nf5 Rc7 23. Nd1 Bxf5 24. exf5 Qe2 25. f6 Qxf2 26. R4xf2 Re8 27. Nc3 Re5
28. fxg7 f5 29. Na2 Kxg7 30. Kh2 Kg6 31. Nc1 Rce7 32. c3 Nc6 33. d4 cxd4 34.
Nd3 Re4 35. Rxf5 dxc3 36. bxc3 Kg7 37. Rg5+ Kh6 38. Rd5 R4e6 39. Nf4 Rf6 40. g4
Ne5 41. Kg3 Rc7 42. c4 bxc4 43. h4 Rxf4 44. Rxf4 c3 45. Rxd6+ Kg7 46. Rf1 c2
47. Rc1 Rc3+ 48. Kf4 Nd3+ 49. Rxd3 Rxd3 50. Rxc2 Rxb3 51. Rc7+ Kg8 52. Rc6 a5
53. Kg5 Kg7 54. Rc7+ Kg8 55. Rc5 a4 56. h5 a3 57. Rc8+ Kg7 58. h6+ Kf7 59. Rc7+
Kg8 60. Rg7+ Kh8 61. Ra7 Kg8 62. Ra8+ Kf7 63. Kh4 Rb6 64. Kh5 Rb3 65. Rh8 Kf6
66. Rf8+ Ke6 67. Rh8 Kf6 68. g5+ Kf5 69. Rf8+ Ke6 70. Ra8 Kf5 71. Rf8+ Ke6 72.
Rf6+ Ke5 73. Rf7 a2 74. Ra7 Kf5 75. Ra5+ Kf4 76. Ra4+ Kf5 77. Ra5+ Kf4 1/2-1/2

[Event "Aeroflot Open 2012 B"]
[Site "Moscow"]
[Date "2012.02.15"]
[Round "9"]
[White "Akshayraj, Kore"]
[Black "Kunin, Vitaly"]
[Result "0-1"]
[WhiteElo "2386"]
[BlackElo "2537"]
[PlyCount "84"]
[EventDate "2012.02.07"]
[EventType "swiss"]

1. d4 d6 2. Nf3 g6 3. e4 Bg7 4. Bd3 Nc6 5. c3 e5 6. O-O Bg4 7. Bb5 Bxf3 8. Qxf3
exd4 9. cxd4 Bxd4 10. Nc3 a6 11. Bxc6+ bxc6 12. e5 dxe5 13. Qxc6+ Kf8 14. Bg5
f6 15. Be3 Rb8 16. Bxd4 exd4 17. Ne4 Rb6 18. Qc5+ Qe7 19. Qc2 Nh6 20. Nc5 Kg7
21. Rfe1 Qf7 22. Qe4 Rhb8 23. Rac1 Rd6 24. Ne6+ Kh8 25. Nxd4 Rxb2 26. Qa8+ Ng8
27. Qa7 Rd7 28. a4 Rb4 29. Nc6 Rxa4 30. h3 Rc4 31. Qxa6 Rxc1 32. Rxc1 Qb3 33.
Qe2 Qa3 34. Rc4 Qa1+ 35. Kh2 Rd1 36. Qe3 Rh1+ 37. Kg3 Qg1 38. Kf3 Qd1+ 39. Qe2
Qb3+ 40. Kf4 g5+ 41. Kg4 Nh6+ 42. Kh5 Qxh3+ 0-1

[Event "Aeroflot Open 2012 B"]
[Site "Moscow"]
[Date "2012.02.15"]
[Round "9"]
[White "Grover, Sahaj"]
[Black "Karavade, Eesha"]
[Result "1-0"]
[WhiteElo "2532"]
[BlackElo "2354"]
[PlyCount "77"]
[EventDate "2012.02.07"]
[EventType "swiss"]

1. d4 Nf6 2. c4 e6 3. Nc3 Bb4 4. Qc2 O-O 5. Nf3 c5 6. dxc5 Na6 7. g3 Nxc5 8. a3
Bxc3+ 9. Qxc3 b6 10. Bg2 Bb7 11. Bg5 Nce4 12. Bxf6 Nxf6 13. O-O Rc8 14. Qd4 Qc7
15. Rac1 d5 16. Ne5 Rfd8 17. Qf4 Qe7 18. cxd5 Nxd5 19. Qa4 Rc5 20. Rxc5 Qxc5
21. Nd3 Qe7 22. Rc1 h6 23. h4 Rc8 24. Rxc8+ Bxc8 25. h5 Nf6 26. Qc6 Ba6 27.
Qa8+ Kh7 28. Nb4 Bxe2 29. Be4+ g6 30. Nc6 Qc7 31. Qf8 Ng8 32. hxg6+ fxg6 33.
Bxg6+ Kxg6 34. Qxg8+ Kf6 35. Qf8+ Kg5 36. Ne7 Qc1+ 37. Kh2 Bd3 38. Qg7+ Kh5 39.
Qf6 1-0

[Event "Aeroflot Open 2012 B"]
[Site "Moscow"]
[Date "2012.02.15"]
[Round "9"]
[White "Nitin, S."]
[Black "Petrosian, Davit G"]
[Result "1/2-1/2"]
[WhiteElo "2399"]
[BlackElo "2476"]
[PlyCount "92"]
[EventDate "2012.02.07"]
[EventType "swiss"]

1. e4 e6 2. d4 d5 3. Nc3 Nf6 4. Bg5 dxe4 5. Nxe4 Be7 6. Bxf6 gxf6 7. Nf3 f5 8.
Nc3 a6 9. g3 b5 10. Bg2 Bb7 11. O-O O-O 12. Re1 c5 13. d5 b4 14. Ne2 Bxd5 15.
Nf4 Be4 16. Ne5 Qxd1 17. Raxd1 Bxg2 18. Kxg2 Rc8 19. Nc4 Ra7 20. Nd3 Nc6 21.
Nde5 Nxe5 22. Rxe5 Bf6 23. Re2 Rcc7 24. Red2 Bd4 25. f4 Kf8 26. Rd3 Ke7 27. a4
Rab7 28. Kf3 h5 29. Ke2 Rb8 30. a5 Rbb7 31. Kf1 Bf6 32. Rd6 Rd7 33. Ke2 Ra7 34.
Rc6 Rxd1 35. Kxd1 Kd7 36. Rxc5 Rc7 37. Rxc7+ Kxc7 38. Ke2 Kc6 39. Kd3 Kc5 40.
Nb6 Kb5 41. b3 Be7 42. Nd7 f6 43. Kd4 Kc6 44. Nb8+ Kb5 45. Nd7 Kc6 46. Nb8+ Kb7
1/2-1/2

[Event "Aeroflot Open 2012 B"]
[Site "Moscow"]
[Date "2012.02.15"]
[Round "9"]
[White "Krapivin, Alexander"]
[Black "Ankit, R. Rajpara"]
[Result "1/2-1/2"]
[WhiteElo "2445"]
[BlackElo "2349"]
[PlyCount "66"]
[EventDate "2012.02.07"]
[EventType "swiss"]

1. e4 c5 2. Nc3 Nc6 3. g3 g6 4. Bg2 Bg7 5. d3 d6 6. Be3 e5 7. Qd2 Nge7 8. Bh6
Bxh6 9. Qxh6 Nd4 10. Qd2 Be6 11. Nce2 d5 12. Nxd4 cxd4 13. Ne2 dxe4 14. Bxe4
Bd5 15. O-O O-O 16. f4 Bxe4 17. dxe4 Qb6 18. Qd3 Rac8 19. fxe5 Qxb2 20. Rfb1
Qxc2 21. Qxc2 Rxc2 22. Nxd4 Rc7 23. e6 Nc6 24. Nxc6 bxc6 25. exf7+ Rfxf7 26.
Rb4 Rf3 27. Re1 Ra3 28. Re2 c5 29. Rc4 Kf7 30. Kf2 Ke6 31. Rd2 Rd7 32. Rdc2 Rd4
33. Rxc5 Rxe4 1/2-1/2

[Event "Aeroflot Open 2012 B"]
[Site "Moscow"]
[Date "2012.02.15"]
[Round "9"]
[White "Diermair, Andreas"]
[Black "Zenzera, Alexey"]
[Result "1/2-1/2"]
[WhiteElo "2429"]
[BlackElo "2337"]
[PlyCount "53"]
[EventDate "2012.02.07"]
[EventType "swiss"]

1. d4 Nf6 2. c4 e6 3. Nf3 b6 4. g3 Ba6 5. Qc2 Bb4+ 6. Bd2 Be7 7. e4 d5 8. cxd5
Bxf1 9. Kxf1 exd5 10. e5 Ne4 11. Nc3 Nxc3 12. bxc3 O-O 13. h4 f5 14. exf6 Bxf6
15. Ng5 Bxg5 16. hxg5 g6 17. Bf4 Nc6 18. Kg2 Qd7 19. Rh6 Qe6 20. Re1 Qxe1 21.
Rxg6+ hxg6 22. Qxg6+ Kh8 23. Qh6+ Kg8 24. Qg6+ Kh8 25. Qh6+ Kg8 26. Qg6+ Kh8
27. Qh6+ 1/2-1/2